01367nam a2200337 a 450000100060000000300080000600500170001400800410003102000140007203500230008603500190010903500170012804000230014504100080016808200240017610000330020024501890023324601390042226000570056126300090061830000280062749000280065550400550068365000330073865000430077165100610081465500290087570000210090474000500092583000540097554939BD-RjUL20211209080206.0161113s1971 enk b 000 1 eng  a192810987 a(OCoLC)ocm40267364 a(BD-RjUL)55061 a(NNC)2331057 aDLCcDLCdNNCbeng aeng00a823.5223bFIH 19711 aFielding, Henry,d1707-1754.14aThe history of the adventures of Joseph Andrews and of his friend Mr. Abraham Adams :band, An apology for the life of Mrs. Shamela Andrews /cHenry Fielding ; edited by Douglas Brooks3 aHistory of the adventures of Joseph Andrews, and of his friend Mr. Abraham Adams ; and, An apology for the life of Mrs. Shamela Andrew aOxford ;aNew York :bOxford University Press,c1971 a9907 axliv, 410 p. ; c20 cm.1 aOxford world's classics aIncludes bibliographical references (p. xxxvi-xl). 0aYoung menzEnglandvFiction. 0aHousehold employeeszEnglandvFiction. 0aEnglandxSocial life and customsy18th centuryvFiction. 7aHumorous stories.2gsafd1 aBrooks, Douglas.02aApology for the life of Mrs. Shamela Andrews. 0aOxford world's classics (Oxford University Press)